[Event "French Top 12 2013"]
[Site "Haguenau FRA"]
[Date "2013.06.01"]
[Round "3.5"]
[White "Hamdouchi, Hicham"]
[Black "Vitoux, Colomban"]
[Result "1-0"]
[WhiteTitle "GM"]
[BlackTitle "IM"]
[WhiteElo "2602"]
[BlackElo "2388"]
[WhiteTeam "Clichy-Echecs-92"]
[BlackTeam "C.E. Strasbourg"]
[WhiteFideId "9000011"]
[BlackFideId "628549"]
[EventDate "2013.05.30"]

1. e4 c5 2. Nf3 Nc6 3. Bb5 g6 4. Bxc6 dxc6 5. d3 Bg7 6. h3 Nf6 7. Nc3 Nd7 8. Be3
e5 9. Qd2 h6 10. Nh2 Qe7 11. O-O Nf8 12. f4 exf4 13. Rxf4 Be6 14. Rff1 Nd7 15.
a4 a5 16. Nf3 Ne5 17. Nxe5 Bxe5 18. Qf2 b6 19. Ne2 Bg7 20. d4 cxd4 21. Bxd4 Bxd4
22. Nxd4 Bd7 23. Ne2 O-O 24. Rad1 Be6 25. b3 b5 26. Ra1 b4 27. Rad1 c5 28. Nf4
c4 29. Nd5 Bxd5 30. exd5 cxb3 31. cxb3 Ra6 32. Rfe1 Qa7 33. Qxa7 Rxa7 34. d6 Rd8
35. Re5 Rdd7 36. Kf2 Ra6 37. Ke2 f6 38. Rc5 Kf7 39. Rdd5 Raxd6 40. Rxd6 Rxd6 41.
Rxa5 Re6+ 42. Kf2 Re4 43. Rb5 Ke7 44. a5 Kd7 45. a6 Kc7 46. a7 1-0

[Event "French Top 12 2013"]
[Site "Haguenau FRA"]
[Date "2013.06.01"]
[Round "3.6"]
[White "Roos, Jean-Luc"]
[Black "Rapport, Richard"]
[Result "0-1"]
[WhiteTitle "IM"]
[BlackTitle "GM"]
[WhiteElo "2256"]
[BlackElo "2674"]
[WhiteTeam "C.E. Strasbourg"]
[BlackTeam "Clichy-Echecs-92"]
[WhiteFideId "600601"]
[BlackFideId "738590"]
[EventDate "2013.05.30"]

1. e4 e5 2. Nf3 Nc6 3. Bc4 Bc5 4. d3 d6 5. Nc3 Na5 6. Bb3 Ne7 7. d4 Nxb3 8. axb3
exd4 9. Nxd4 O-O 10. O-O f5 11. Bg5 h6 12. Bxe7 Qxe7 13. Nd5 Qf7 14. Nxf5 Bxf5
15. exf5 c6 16. Ne3 d5 17. Ra4 Rae8 18. c3 Re5 19. f6 Rg5 20. h4 Rg6 21. Ng4 b5
22. Rf4 Bd6 23. Rf5 Qe6 24. Qf3 h5 25. Ne3 Rgxf6 26. Rxf6 Rxf6 27. Qxh5 Bc5 28.
Re1 Qe4 29. Qg4 Bxe3 0-1

[Event "French Top 12 2013"]
[Site "Haguenau FRA"]
[Date "2013.06.01"]
[Round "3.7"]
[White "Delorme, Axel"]
[Black "Roos, Daniel"]
[Result "1-0"]
[WhiteTitle "IM"]
[BlackTitle "IM"]
[WhiteElo "2471"]
[BlackElo "2347"]
[WhiteTeam "Clichy-Echecs-92"]
[BlackTeam "C.E. Strasbourg"]
[WhiteFideId "632023"]
[BlackFideId "600253"]
[EventDate "2013.05.30"]

1. d4 d5 2. c4 e6 3. Nf3 Be7 4. g3 c6 5. Bg2 Nf6 6. O-O O-O 7. Qc2 b6 8. Nbd2
Bb7 9. b3 Nbd7 10. Bb2 Rc8 11. Rac1 Re8 12. e4 dxe4 13. Nxe4 Nxe4 14. Qxe4 Bd6
15. c5 Bf8 16. Rfd1 Nf6 17. Qe2 Nd5 18. a3 Rc7 19. Bf1 Qc8 20. h4 Be7 21. Bh3
Ba6 22. Qc2 Bf6 23. Ne5 Bxe5 24. dxe5 Rd8 25. Rd4 Qb8 26. b4 Bc8 27. Qd2 Bd7 28.
Rg4 Re8 29. Qh6 g6 30. h5 Re7 31. Bg2 Qf8 32. Qg5 Re8 33. Be4 Bc8 34. Kg2 Qe7
35. Qh6 Qf8 36. Qg5 Qe7 37. Qd2 Qd8 38. Rh1 g5 39. Rxg5+ Kh8 40. Rg4 1-0

[Event "French Top 12 2013"]
[Site "Haguenau FRA"]
[Date "2013.06.01"]
[Round "3.8"]
[White "Nicoara, Malina"]
[Black "Skripchenko, Almira"]
[Result "0-1"]
[WhiteTitle "WIM"]
[BlackTitle "IM"]
[WhiteElo "2117"]
[BlackElo "2430"]
[WhiteTeam "C.E. Strasbourg"]
[BlackTeam "Clichy-Echecs-92"]
[WhiteFideId "604631"]
[BlackFideId "13900145"]
[EventDate "2013.05.30"]

1. d4 d6 2. c4 e5 3. Nc3 Nd7 4. e4 exd4 5. Qxd4 Ngf6 6. b3 Be7 7. Bb2 c6 8. Nge2
Nc5 9. Ng3 a5 10. Rd1 O-O 11. Bd3 Ne6 12. Qe3 Ng4 13. Qc1 Bg5 14. Qb1 Nf4 15.
O-O Qf6 16. Be2 Ne5 17. Nf5 d5 18. cxd5 cxd5 19. Rxd5 Bxf5 20. exf5 Nxd5 21.
Nxd5 Qc6 22. f4 Qxd5 23. fxe5 Rad8 24. Kh1 b5 25. f6 g6 26. a4 bxa4 27. bxa4 Qb3
28. Bd1 Qc4 29. Bf3 Qxa4 30. Bc1 h6 31. Bxg5 hxg5 32. e6 Rb8 33. exf7+ Kh7 34.
Qd3 Qb5 35. Qd1 Rbd8 36. Qc1 Rxf7 37. Be4 Rd6 38. Qa1 Qc4 39. Qb1 Rdxf6 40.
Bxg6+ Rxg6 0-1

[Event "French Top 12 2013"]
[Site "Haguenau FRA"]
[Date "2013.06.01"]
[Round "3.1"]
[White "Nanu, Costica-Ciprian"]
[Black "Istratescu, Andrei"]
[Result "1/2-1/2"]
[WhiteTitle "GM"]
[BlackTitle "GM"]
[WhiteElo "2519"]
[BlackElo "2651"]
[WhiteTeam "Grasse Echecs"]
[BlackTeam "Marseille Echecs"]
[WhiteFideId "1204580"]
[BlackFideId "1200372"]
[EventDate "2013.05.30"]

1. c4 e5 2. Nc3 Bb4 3. Nf3 Bxc3 4. dxc3 Qe7 5. g3 d6 6. Bg2 f5 7. e4 fxe4 8. Ng5
Nf6 9. Nxe4 Nbd7 10. O-O Nxe4 11. Bxe4 Nf6 12. Bg2 O-O 13. Be3 Be6 14. b3 c6 15.
Qd2 h6 16. f4 exf4 17. Bxf4 d5 18. cxd5 Nxd5 19. Be5 Rxf1+ 20. Rxf1 Rd8 21. Re1
Nf6 22. Bd4 Qf7 23. Qe3 Re8 24. Bxf6 Qxf6 25. Rf1 Bd7 26. Qxe8+ Bxe8 27. Rxf6
gxf6 28. Kf2 Kf7 29. Ke3 Ke6 30. Kf4 a5 31. Bh3+ Kd6 32. Bc8 Kc7 33. Be6 Bg6 34.
Bf5 Bf7 35. Bd3 Be6 36. Bf5 Bf7 37. Be4 Be6 38. Bf5 1/2-1/2

[Event "French Top 12 2013"]
[Site "Haguenau FRA"]
[Date "2013.06.01"]
[Round "3.2"]
[White "Delchev, Aleksander"]
[Black "Llanes Hurtado, Miguel"]
[Result "1-0"]
[WhiteTitle "GM"]
[BlackTitle "GM"]
[WhiteElo "2622"]
[BlackElo "2469"]
[WhiteTeam "Marseille Echecs"]
[BlackTeam "Grasse Echecs"]
[WhiteFideId "2900394"]
[BlackFideId "2206706"]
[EventDate "2013.05.30"]

1. d4 Nf6 2. c4 e6 3. g3 d5 4. Bg2 dxc4 5. Nf3 c5 6. O-O Nc6 7. dxc5 Qxd1 8.
Rxd1 Bxc5 9. Nbd2 c3 10. bxc3 O-O 11. Nb3 Be7 12. c4 Bd7 13. Bb2 Rfd8 14. Nfd4
Rac8 15. Nb5 b6 16. Rac1 a5 17. a4 Be8 18. Rxd8 Nxd8 19. c5 bxc5 20. Nxa5 Nd5
21. Nc4 Nb7 22. Nc3 Bc6 23. Ne5 Nxc3 24. Bxc3 Bxg2 25. Kxg2 Nd6 26. a5 f6 27.
Nd7 Rc7 28. Nb6 Nc8 29. Rb1 Rb7 30. Nxc8 Rxb1 31. a6 Rb8 32. Nxe7+ Kf7 33. a7
Ra8 34. Nc6 Ke8 35. Ba5 Kd7 36. Nb8+ Kd6 37. Bb6 Kd5 38. Kf3 Kc4 39. Na6 1-0

[Event "French Top 12 2013"]
[Site "Haguenau FRA"]
[Date "2013.06.01"]
[Round "3.3"]
[White "Szabo, Krisztian1"]
[Black "Miton, Kamil"]
[Result "1/2-1/2"]
[WhiteTitle "GM"]
[BlackTitle "GM"]
[WhiteElo "2545"]
[BlackElo "2624"]
[WhiteTeam "Grasse Echecs"]
[BlackTeam "Marseille Echecs"]
[WhiteFideId "722901"]
[BlackFideId "1111914"]
[EventDate "2013.05.30"]

1. e4 c5 2. Nf3 Nc6 3. d4 cxd4 4. Nxd4 e5 5. Nb5 d6 6. c4 Be7 7. N1c3 a6 8. Na3
f5 9. exf5 Bxf5 10. Bd3 Be6 11. O-O Nf6 12. Bg5 O-O 13. Bxf6 gxf6 14. Be4 Kh8
15. Bd5 Bd7 16. Kh1 f5 17. f4 Bf6 18. Nc2 Bg7 19. Rf3 Bh6 20. Ne2 Qf6 21. b3
Rad8 22. Qf1 b5 23. Rd1 Ne7 24. Ne3 exf4 25. Nxf4 1/2-1/2

[Event "French Top 12 2013"]
[Site "Haguenau FRA"]
[Date "2013.06.01"]
[Round "3.6"]
[White "Collas, Didier"]
[Black "Battaglini, Gabriel"]
[Result "0-1"]
[WhiteTitle "IM"]
[BlackTitle "IM"]
[WhiteElo "2394"]
[BlackElo "2437"]
[WhiteTeam "Marseille Echecs"]
[BlackTeam "Grasse Echecs"]
[WhiteFideId "602680"]
[BlackFideId "621650"]
[EventDate "2013.05.30"]

1. Nf3 Nf6 2. c4 e6 3. g3 d5 4. Bg2 d4 5. e3 c5 6. exd4 cxd4 7. d3 Nc6 8. O-O
Bd6 9. Bg5 h6 10. Bxf6 Qxf6 11. Nbd2 Qe7 12. Re1 O-O 13. a3 a5 14. Nh4 Qc7 15.
f4 a4 16. b4 axb3 17. Qxb3 Ra5 18. Qb2 Qe7 19. Bxc6 bxc6 20. Nb3 Bxa3 21. Qxd4
Rd8 22. Qe3 Ra8 23. c5 e5 24. d4 Be6 25. fxe5 Bb4 26. Nd2 Rxa1 27. Rxa1 Rxd4 28.
Ra8+ Rd8 29. Rxd8+ Qxd8 30. Nhf3 Qd5 31. Ne4 Bf5 32. Nfd2 Qxe5 33. Qf4 Qxf4 34.
gxf4 Bxe4 35. Nxe4 f5 0-1

[Event "French Top 12 2013"]
[Site "Haguenau FRA"]
[Date "2013.06.01"]
[Round "3.8"]
[White "Malassagne, Isabelle"]
[Black "Forestier, Carole"]
[Result "1-0"]
[WhiteElo "1985"]
[BlackElo "2104"]
[WhiteTeam "Marseille Echecs"]
[BlackTeam "Grasse Echecs"]
[WhiteFideId "20670265"]
[BlackFideId "641405"]
[EventDate "2013.05.30"]

1. d4 d5 2. c4 e6 3. Nc3 Be7 4. Nf3 Nf6 5. cxd5 exd5 6. Bg5 O-O 7. e3 Nbd7 8.
Bd3 Re8 9. Qc2 Nf8 10. O-O c6 11. Rab1 Ne4 12. Bf4 Ng5 13. Bxg5 Bxg5 14. b4 Bg4
15. Ne5 Bh5 16. Be2 Bxe2 17. Qxe2 a5 18. b5 c5 19. Nf3 Bf6 20. Qd3 Rc8 21. Rfc1
Ne6 22. Qf5 g6 23. Qxd5 cxd4 24. Ne4 Rxc1+ 25. Rxc1 dxe3 26. Nxf6+ Qxf6 27. fxe3
Qb2 28. Rf1 Qc3 29. Kh1 Qxe3 30. Ne5 Qe2 31. Rc1 Rd8 32. Nd7 Nf4 33. Nf6+ Kg7
34. Nh5+ Nxh5 35. Qxd8 Qe3 36. Rd1 Qe2 37. Qd4+ Nf6 38. a4 g5 39. Qd2 Qg4 40.
Rf1 Ne4 41. Qd5 f6 42. Qxb7+ Kh6 43. Rf3 Kg6 44. Qd5 h5 45. b6 h4 46. b7 h3 47.
Qf5+ 1-0

[Event "French Top 12 2013"]
[Site "Haguenau FRA"]
[Date "2013.06.02"]
[Round "4.3"]
[White "Terrieux, Kevin"]
[Black "Hamdouchi, Hicham"]
[Result "0-1"]
[WhiteTitle "IM"]
[BlackTitle "GM"]
[WhiteElo "2427"]
[BlackElo "2602"]
[WhiteTeam "Club d'Echecs Metz Fischer"]
[BlackTeam "Clichy-Echecs-92"]
[WhiteFideId "622591"]
[BlackFideId "9000011"]
[EventDate "2013.05.30"]

1. d4 Nf6 2. c4 g6 3. Nf3 Bg7 4. g3 O-O 5. Bg2 d6 6. O-O Nbd7 7. Nc3 e5 8. e4 a6
9. dxe5 dxe5 10. Qc2 c6 11. Rd1 Qe7 12. h3 b5 13. a3 Bb7 14. Be3 Rfc8 15. Rac1
a5 16. Nd2 b4 17. Na4 c5 18. Nb3 Bf8 19. f3 Qe6 20. h4 Rc7 21. Ra1 Qc6 22. Nc1
Re8 23. b3 Nh5 24. Ne2 Ng7 25. Nb2 f5 26. axb4 axb4 27. Bg5 fxe4 28. Qxe4 Qe6
29. Qb1 Nf5 30. g4 Nd4 31. Nxd4 cxd4 32. Nd3 e4 33. Nf4 Qd6 34. fxe4 h6 35. e5
Nxe5 36. Bxb7 Rxb7 37. Qe4 hxg5 38. Qxb7 gxf4 39. Ra6 Qd8 40. Re1 Nf3+ 0-1

[Event "French Top 12 2013"]
[Site "Haguenau FRA"]
[Date "2013.06.02"]
[Round "4.5"]
[White "Taddei, Benoit"]
[Black "Rapport, Richard"]
[Result "0-1"]
[WhiteTitle "FM"]
[BlackTitle "GM"]
[WhiteElo "2374"]
[BlackElo "2674"]
[WhiteTeam "Club d'Echecs Metz Fischer"]
[BlackTeam "Clichy-Echecs-92"]
[WhiteFideId "610151"]
[BlackFideId "738590"]
[EventDate "2013.05.30"]

1. e4 e6 2. d4 d5 3. Nc3 Bb4 4. e5 c5 5. a3 Bxc3+ 6. bxc3 Qa5 7. Bd2 Qa4 8. Qb1
c4 9. h4 Nc6 10. h5 h6 11. Ne2 Bd7 12. g3 O-O-O 13. Nf4 Nge7 14. Bh3 Kb8 15. O-O
Nc8 16. Kh2 Nb6 17. Ng2 Qa5 18. Qe1 Na4 19. f4 g6 20. g4 Rdg8 21. Ne3 Qd8 22.
hxg6 Rxg6 23. f5 Rg5 24. Ng2 a6 25. Bxg5 hxg5 26. f6 Na7 27. Ne3 Qg8 28. Rf3 Qh7
29. Qd2 Qe4 30. Rg3 Nxc3 31. Qxc3 Nb5 32. Qd2 Nxd4 33. Qf2 Qxe5 34. Re1 Qf4 35.
Nd1 e5 36. c3 Bxg4 37. Qxf4 gxf4 38. Rxg4 Nf3+ 39. Kg2 Nxe1+ 40. Kf1 Nd3 41. Kg2
e4 42. Rg5 Ne1+ 43. Kf1 Nf3 44. Rxd5 Rxh3 45. Nf2 Nh2+ 46. Kg2 Rg3+ 47. Kxh2 e3
48. Nh3 e2 0-1

[Event "French Top 12 2013"]
[Site "Haguenau FRA"]
[Date "2013.06.02"]
[Round "4.6"]
[White "Pelletier, Yannick"]
[Black "Neiman, Emmanuel"]
[Result "1-0"]
[WhiteTitle "GM"]
[BlackTitle "FM"]
[WhiteElo "2599"]
[BlackElo "2338"]
[WhiteTeam "Clichy-Echecs-92"]
[BlackTeam "Club d'Echecs Metz Fischer"]
[WhiteFideId "1301837"]
[BlackFideId "601616"]
[EventDate "2013.05.30"]

1. Nf3 Nf6 2. c4 e6 3. g3 d5 4. d4 Bb4+ 5. Bd2 Be7 6. Bg2 O-O 7. O-O c6 8. Qc2
Nbd7 9. Rd1 b6 10. b3 Bb7 11. Nc3 Rc8 12. e4 dxe4 13. Nxe4 c5 14. Nxf6+ Bxf6 15.
Ng5 Bxg5 16. Bxb7 Rc7 17. Bg2 cxd4 18. Bxg5 Qxg5 19. Rxd4 a5 20. Rad1 Qe7 21.
Rd6 Rb8 22. Qd3 Nf8 23. Qd4 e5 24. Qe4 Rd7 25. Qc6 Rxd6 26. Rxd6 Rd8 27. Rxd8
Qxd8 28. Bd5 Ng6 29. c5 bxc5 30. Qxc5 Kh8 31. Kf1 f5 32. Qc6 e4 33. Qa8 Qxa8 34.
Bxa8 Ne5 35. Bd5 g6 36. Ke2 Kg7 37. a4 Kf6 38. b4 axb4 39. a5 b3 40. Bxb3 Nc6
41. a6 Ke5 42. Ba4 Na7 43. Kd2 g5 44. Kc3 Kd5 45. Bb3+ Kc5 46. Bg8 h6 47. Bh7
Nb5+ 48. Kd2 Kb6 49. Bxf5 Kxa6 50. Ke3 Kb6 51. Kxe4 Kc5 52. Ke5 Nc3 53. Bc2 Nd5
54. Kf5 Kd6 55. Kg6 Ke5 56. Kxh6 Kf6 57. Kh5 Nb4 58. Be4 Na2 59. h4 gxh4 60.
Kxh4 Nc3 61. Bc2 Nb5 62. f4 Nd4 63. Be4 Ne2 64. Bd3 1-0

[Event "French Top 12 2013"]
[Site "Haguenau FRA"]
[Date "2013.06.02"]
[Round "4.8"]
[White "Skripchenko, Almira"]
[Black "Monpeurt, Cyrielle"]
[Result "1-0"]
[WhiteTitle "IM"]
[WhiteElo "2430"]
[BlackElo "2033"]
[WhiteTeam "Clichy-Echecs-92"]
[BlackTeam "Club d'Echecs Metz Fischer"]
[WhiteFideId "13900145"]
[BlackFideId "677400"]
[EventDate "2013.05.30"]

1. b3 c5 2. Bb2 d5 3. e3 Nf6 4. Nf3 e6 5. Bb5+ Bd7 6. Be2 Nc6 7. c4 Be7 8. O-O
O-O 9. d4 cxd4 10. exd4 Rc8 11. Nbd2 Qc7 12. Bd3 Rfd8 13. Qe2 Be8 14. a3 a6 15.
Rfc1 Qb8 16. Rab1 Bd6 17. c5 Bf4 18. b4 Na7 19. Re1 Bb5 20. Bxb5 Nxb5 21. a4 Nc7
22. b5 axb5 23. axb5 Nce8 24. g3 Bh6 25. b6 Nd7 26. Nb3 Nef6 27. Ra1 Ne4 28. Ra7
e5 29. Qb5 exd4 30. Bxd4 g6 31. Kg2 Bf8 32. Rc1 Bh6 33. Rc2 Nd6 34. cxd6 Rxc2
35. Na5 Nxb6 36. Qxb6 Rxd6 37. Qxb7 Qxb7 38. Nxb7 Rd7 39. Ra8+ Bf8 40. Nc5 Rc7
41. Ne5 R2xc5 42. Bxc5 Rxc5 43. Rxf8+ 1-0

[Event "French Top 12 2013"]
[Site "Haguenau FRA"]
[Date "2013.06.02"]
[Round "4.2"]
[White "Llanes Hurtado, Miguel"]
[Black "Sanikidze, Tornike"]
[Result "1/2-1/2"]
[WhiteTitle "GM"]
[BlackTitle "GM"]
[WhiteElo "2469"]
[BlackElo "2549"]
[WhiteTeam "Grasse Echecs"]
[BlackTeam "C.E. Strasbourg"]
[WhiteFideId "2206706"]
[BlackFideId "13602608"]
[EventDate "2013.05.30"]

1. d4 Nf6 2. c4 e6 3. g3 d5 4. Nf3 dxc4 5. Bg2 Nc6 6. Qa4 Bb4+ 7. Bd2 Bd6 8.
Qxc4 O-O 9. Bc3 Ne4 10. O-O Nxc3 11. Nxc3 e5 12. d5 Ne7 13. Ne4 1/2-1/2

[Event "French Top 12 2013"]
[Site "Haguenau FRA"]
[Date "2013.06.02"]
[Round "4.3"]
[White "Doettling, Fabian"]
[Black "Szabo, Krisztian1"]
[Result "1/2-1/2"]
[WhiteTitle "GM"]
[BlackTitle "GM"]
[WhiteElo "2587"]
[BlackElo "2545"]
[WhiteTeam "C.E. Strasbourg"]
[BlackTeam "Grasse Echecs"]
[WhiteFideId "4627253"]
[BlackFideId "722901"]
[EventDate "2013.05.30"]

1. d4 Nf6 2. Nf3 g6 3. c4 Bg7 4. Nc3 O-O 5. e4 d6 6. Be2 e5 7. O-O Nc6 8. dxe5
dxe5 9. Bg5 Qxd1 10. Rfxd1 Bg4 11. h3 Bxf3 12. Bxf3 Nd4 13. Nd5 Nxd5 14. cxd5 h6
15. Be3 f5 16. Rac1 fxe4 17. Bg4 c6 18. dxc6 bxc6 19. Re1 Rab8 20. b3 Rbd8 21.
Bd1 Rf6 22. Rc4 Nb5 23. a4 Nd4 24. Bc2 Rb8 25. Rb1 Bf8 26. b4 Nxc2 27. Rxc2 Rxb4
28. Rxb4 Bxb4 29. Bxa7 c5 30. Rc4 Rc6 31. a5 Bxa5 32. Rxc5 Rxc5 33. Bxc5 Bc3 34.
Be3 h5 35. Kf1 Kf7 36. Ke2 Ke6 37. Bc1 Bd4 38. Bd2 1/2-1/2

[Event "French Top 12 2013"]
[Site "Haguenau FRA"]
[Date "2013.06.02"]
[Round "4.4"]
[White "Nanu, Costica-Ciprian"]
[Black "Rozentalis, Eduardas"]
[Result "1/2-1/2"]
[WhiteTitle "GM"]
[BlackTitle "GM"]
[WhiteElo "2519"]
[BlackElo "2611"]
[WhiteTeam "Grasse Echecs"]
[BlackTeam "C.E. Strasbourg"]
[WhiteFideId "1204580"]
[BlackFideId "12800023"]
[EventDate "2013.05.30"]

1. d4 Nf6 2. Nf3 e6 3. c4 b6 4. g3 Bb7 5. Bg2 Be7 6. O-O O-O 7. Nc3 Ne4 8. Bd2
Nxc3 9. Bxc3 Be4 10. Qd2 d5 11. cxd5 1/2-1/2

[Event "French Top 12 2013"]
[Site "Haguenau FRA"]
[Date "2013.06.02"]
[Round "4.5"]
[White "Vitoux, Colomban"]
[Black "Battaglini, Gabriel"]
[Result "1/2-1/2"]
[WhiteTitle "IM"]
[BlackTitle "IM"]
[WhiteElo "2388"]
[BlackElo "2437"]
[WhiteTeam "C.E. Strasbourg"]
[BlackTeam "Grasse Echecs"]
[WhiteFideId "628549"]
[BlackFideId "621650"]
[EventDate "2013.05.30"]

1. e4 c6 2. Nc3 d5 3. Nf3 Bg4 4. h3 Bxf3 5. Qxf3 e6 6. d4 dxe4 7. Nxe4 Qxd4 8.
Bd3 Nd7 9. Be3 Qb4+ 10. Bd2 Ne5 11. Qf4 Nxd3+ 12. cxd3 Qe7 13. Bc3 f5 14. Nd6+
Kd8 15. Qb4 b6 16. Be5 Qd7 17. Qh4+ Be7 18. Qg3 Bxd6 19. Qxg7 Bxe5 20. Qxe5 Nf6
21. Qxf6+ Kc7 22. Qe5+ Kb7 23. O-O-O Rhg8 24. g3 Rg6 25. Rhe1 Rd8 26. Re2 Qf7
27. Qf4 Rd5 28. Re5 Qc7 29. d4 Qd7 30. Rxd5 Qxd5 31. b3 a5 32. Qe5 Qg2 33. Qd6
Qxg3 34. fxg3 Ka6 35. Qd7 1/2-1/2

[Event "French Top 12 2013"]
[Site "Haguenau FRA"]
[Date "2013.06.02"]
[Round "4.6"]
[White "Apicella, Manuel"]
[Black "Roos, Louis"]
[Result "1-0"]
[WhiteTitle "GM"]
[BlackTitle "IM"]
[WhiteElo "2532"]
[BlackElo "2373"]
[WhiteTeam "Grasse Echecs"]
[BlackTeam "C.E. Strasbourg"]
[WhiteFideId "600164"]
[BlackFideId "600288"]
[EventDate "2013.05.30"]

1. c4 Nf6 2. Nf3 e6 3. g3 b6 4. Bg2 Bb7 5. O-O c5 6. Nc3 a6 7. d4 cxd4 8. Qxd4
Nc6 9. Qd3 Rc8 10. e4 d6 11. Bf4 Qc7 12. Qe2 Ne5 13. Rac1 Nfd7 14. b3 Be7 15.
Nd4 O-O 16. Be3 Nf6 17. h3 Rfe8 18. f4 Ned7 19. Kh2 Qb8 20. Bd2 Bf8 21. Rce1 e5
22. fxe5 dxe5 23. Nf5 b5 24. cxb5 axb5 25. Nxb5 Rc2 26. Nc3 Bb4 27. Qd3 Rb2 28.
Qe3 Bxc3 29. Bxc3 Rxg2+ 30. Kxg2 Nxe4 31. Kh2 Ndf6 32. Bb2 Qa8 33. a4 Qa6 34.
Rc1 h6 35. Ba3 Qe6 36. Rc7 Qd5 37. Bb4 Nd6 38. Qd2 Nxf5 39. Qxd5 Bxd5 40. Rxf5
Rb8 41. Be7 Rxb3 42. Bxf6 gxf6 43. Rxe5 fxe5 44. Kg1 Rb2 45. Kf1 Rg2 1-0

[Event "French Top 12 2013"]
[Site "Haguenau FRA"]
[Date "2013.06.02"]
[Round "4.8"]
[White "Forestier, Carole"]
[Black "Nicoara, Malina"]
[Result "0-1"]
[BlackTitle "WIM"]
[WhiteElo "2104"]
[BlackElo "2117"]
[WhiteTeam "Grasse Echecs"]
[BlackTeam "C.E. Strasbourg"]
[WhiteFideId "641405"]
[BlackFideId "604631"]
[EventDate "2013.05.30"]

1. d4 Nf6 2. c4 c5 3. d5 b5 4. cxb5 a6 5. bxa6 g6 6. g3 d6 7. Bg2 Bg7 8. Nf3
Bxa6 9. O-O O-O 10. Nc3 Nbd7 11. Rb1 Qa5 12. Qc2 Rfb8 13. Rd1 Ne8 14. Bg5 Bf6
15. Qe4 Rb4 16. Qe3 Rab8 17. Bxf6 exf6 18. a3 R4b7 19. b4 Qd8 20. bxc5 Rxb1 21.
Rxb1 Rxb1+ 22. Nxb1 Nxc5 23. Nd4 f5 24. Nc6 Qd7 25. Nc3 Kg7 26. Qe7 Qxe7 27.
Nxe7 Kf8 28. Nc6 Nc7 29. g4 fxg4 30. e4 f6 31. Bf1 Bxf1 32. Kxf1 Ke8 33. Ke2 Kd7
34. Ke3 h5 35. Nb8+ Kc8 36. Nc6 Kd7 37. Nb8+ Ke8 38. Kd4 Kd8 39. Kc4 Kc8 40. Nc6
Kd7 41. Nb8+ Kc8 42. Nc6 Kd7 43. a4 Ke8 44. Nd4 Kd7 45. a5 Kc8 46. Ndb5 Nxb5 47.
Kxb5 Kb7 48. Na4 Nxe4 49. a6+ Ka7 50. Nb6 h4 51. Nc8+ Ka8 52. Kb6 f5 53. a7 f4
54. Ka6 Nc5+ 55. Kb6 g3 56. hxg3 hxg3 57. fxg3 f3 58. Nxd6 f2 59. Nb5 Nd7+ 60.
Kc6 f1=Q 61. Nc7+ Kxa7 62. Kxd7 Kb7 63. d6 Qf7+ 64. Kd8 Kc6 0-1

[Event "French Top 12 2013"]
[Site "Haguenau FRA"]
[Date "2013.06.02"]
[Round "4.4"]
[White "Gozzoli, Yannick"]
[Black "Brunner, Nicolas"]
[Result "1/2-1/2"]
[WhiteTitle "GM"]
[BlackTitle "IM"]
[WhiteElo "2530"]
[BlackElo "2412"]
[WhiteTeam "Marseille Echecs"]
[BlackTeam "Vandoeuvre-Echecs"]
[WhiteFideId "616915"]
[BlackFideId "620246"]
[EventDate "2013.05.30"]

1. d4 d5 2. c4 c6 3. Nc3 Nf6 4. Nf3 e6 5. Bg5 dxc4 6. a4 Bb4 7. e4 Bxc3+ 8. bxc3
Qa5 9. e5 Ne4 10. Bd2 c5 11. Bxc4 cxd4 12. cxd4 Nxd2 13. Nxd2 O-O 14. O-O Nc6
15. Nf3 h6 16. Qe2 Rd8 17. Qe4 Nb4 18. Rfb1 Bd7 19. Qe1 Nc6 20. Rxb7 Qxe1+ 21.
Rxe1 Bc8 22. Rc7 Nxd4 23. Nxd4 Rxd4 24. Bb5 a6 25. Be8 Kf8 26. Bc6 Rc4 27. h3
Bd7 28. Rxd7 Rxc6 29. Rb1 Kg8 30. Rbb7 Rf8 31. Ra7 Rc5 32. Rxa6 Rxe5 33. Rd2 Rc8
34. Ra2 Rc4 35. a5 Rcc5 36. Ra7 Red5 37. a6 Ra5 38. Rb2 Rd6 39. Rb8+ Kh7 40.
Rxf7 Rdxa6 41. Rbb7 Rg5 42. Rfe7 Rg6 43. h4 Ra4 44. Rb6 Rxh4 45. Rbxe6 Rxe6 46.
Rxe6 Rc4 1/2-1/2

[Event "French Top 12 2013"]
[Site "Haguenau FRA"]
[Date "2013.06.02"]
[Round "4.5"]
[White "Nezar, Mustapha"]
[Black "Maze, Sebastien"]
[Result "0-1"]
[WhiteTitle "IM"]
[BlackTitle "GM"]
[WhiteElo "2396"]
[BlackElo "2543"]
[WhiteTeam "Vandoeuvre-Echecs"]
[BlackTeam "Marseille Echecs"]
[WhiteFideId "608637"]
[BlackFideId "613762"]
[EventDate "2013.05.30"]

1. e4 c5 2. Nf3 Nc6 3. d4 cxd4 4. Nxd4 g6 5. c4 Bg7 6. Be3 Nf6 7. Nc3 O-O 8. Be2
d6 9. O-O Bd7 10. Rc1 Nxd4 11. Bxd4 Bc6 12. f3 a5 13. Qd2 Nd7 14. Bf2 Nc5 15.
Rfd1 Qb6 16. Rc2 Rfc8 17. Nd5 Qd8 18. Bh4 Bxd5 19. Qxd5 a4 20. Qd2 Ne6 21. Bf2
Qa5 22. Qc1 Nc5 23. Qe3 Rc6 24. f4 Na6 25. Rd5 Rc5 26. Qc1 Nb4 27. Bxc5 dxc5 28.
Rd1 Bd4+ 29. Kf1 e5 30. fxe5 Qc7 31. Rcd2 Qxe5 32. a3 Nc6 33. Bf3 Qxh2 34. Ke2
Re8 35. Rh1 Qe5 36. Rc2 h5 37. Kf1 Qf6 38. Ke2 Be5 39. Kf1 Nd4 40. Rc3 Nb3 41.
Rxb3 axb3 42. Qe3 Rd8 43. Ke1 Bg3+ 0-1

[Event "French Top 12 2013"]
[Site "Haguenau FRA"]
[Date "2013.06.02"]
[Round "4.7"]
[White "Le Corre, Benjamin"]
[Black "Collas, Didier"]
[Result "0-1"]
[WhiteTitle "FM"]
[BlackTitle "IM"]
[WhiteElo "2300"]
[BlackElo "2394"]
[WhiteTeam "Vandoeuvre-Echecs"]
[BlackTeam "Marseille Echecs"]
[WhiteFideId "639605"]
[BlackFideId "602680"]
[EventDate "2013.05.30"]

1. e4 e5 2. Nf3 Nc6 3. Bb5 a6 4. Ba4 Nf6 5. O-O Be7 6. Re1 b5 7. Bb3 O-O 8. a4
b4 9. d3 d6 10. c3 bxc3 11. bxc3 Na5 12. Ba2 c5 13. Na3 Be6 14. Qc2 c4 15. Nxc4
Nxc4 16. Bxc4 Bxc4 17. dxc4 Qc7 18. Ba3 Rfc8 19. Nd2 Nd7 20. Qd3 a5 21. Rab1 Nb6
22. c5 dxc5 23. Nc4 Rd8 24. Qe2 Rab8 25. Nxb6 Rxb6 26. Rb5 Rxb5 27. axb5 a4 28.
Rb1 Qa5 29. Qc4 Rb8 30. g3 g6 31. Kg2 Rb7 32. Bxc5 Qc7 33. Qxa4 Bxc5 34. Rd1 Kg7
35. Rd5 Qb6 36. f3 Qxb5 37. Qxb5 Rxb5 0-1